Yüklüyor......
Thidambu
| Yazar: | |
|---|---|
| Materyal Türü: | Printed Book |
| Baskı/Yayın Bilgisi: |
Kottayam, Current Books
1996
|
| Konular: |
| LEADER | 004800000a22001570004500 | ||
|---|---|---|---|
| 040 | |a MAL | ||
| 082 | |a A3 PRA6/T N6 | ||
| 100 | |a Prasannan Champakkara; Author | ||
| 245 | |a Thidambu | ||
| 260 | |a Kottayam, Current Books | ||
| 260 | |c 1996 | ||
| 465 | |a R 40 | ||
| 500 | |a Prasannan Champakkara | ||
| 650 | |a Malayalam fiction | ||
| 999 | |c 22439 |d 22439 | ||
| 952 | |0 0 |1 0 |4 0 |6 A_000000000000000_3_PRA6T_N6 |7 0 |8 MAL |9 22259 |a MGUL |b MGUL |d 2013-07-16 |e R 40 |l 0 |o A3 PRA6/T N6 |p 25730 |r 2013-07-16 |w 2013-07-16 |y BK | ||